LIBRARY & INFORMATION CENTRE, KCAET, TAVANUR

ONLINE PUBLIC ACCESS CATALOGUE (OPAC)

Automation of alternate wetting and drying method and methane estimation for paddy / (Record no. 18095)

MARC details
000 -LEADER
fixed length control field 00526nam a2200169 4500
003 - CONTROL NUMBER IDENTIFIER
control field OSt
082 ## - DEWEY DECIMAL CLASSIFICATION NUMBER
Classification number 631.587
Item number ANG/AU
088 ## - REPORT NUMBER
Report number P 619
100 ## - MAIN ENTRY--AUTHOR NAME
Personal name Angeleena Cathereen Joseph
245 ## - TITLE STATEMENT
Title Automation of alternate wetting and drying method and methane estimation for paddy /
260 ## - PUBLICATION, DISTRIBUTION, ETC. (IMPRINT)
Place of publication Tavanur :
Name of publisher Department of Irrigation & Drainage Engineering,
Year of publication 2024.
700 ## - ADDED ENTRY--PERSONAL NAME
Personal name Varna Muraleedharan
700 ## - ADDED ENTRY--PERSONAL NAME
Personal name Ardra K
700 ## - ADDED ENTRY--PERSONAL NAME
Personal name Musharaf Nasar
700 ## - ADDED ENTRY--PERSONAL NAME
Personal name Sajeena S (Guide)
942 ## - ADDED ENTRY ELEMENTS (KOHA)
Koha item type Project Report
Holdings
Collection code Home library Current library Full call number Accession Number Koha item type
Reference KAUAET KAUAET 631.587 ANG/AU P 619 Project Report
free website counter